Ecology and management of mangroves

This book consists of the following many parts such as the signficance and value of mangroves, environmental factors, mangroves flora, mangrove fauna, mangrove productivity, mangorves degradation and deletion, sivicultural systems for mangroves management, and policy and management.

Αποθηκεύτηκε σε:
Λεπτομέρειες βιβλιογραφικής εγγραφής
Κύριος συγγραφέας: Aksornkoae, Sanit
Μορφή: Βιβλίο
Γλώσσα:Undetermined
Έκδοση: Thailand IUCN 1993
Θέματα:
Ετικέτες: Προσθήκη ετικέτας
Δεν υπάρχουν, Καταχωρήστε ετικέτα πρώτοι!
Thư viện lưu trữ: Trung tâm Học liệu Trường Đại học Cần Thơ
LEADER 00882nam a2200205Ia 4500
001 CTU_141852
008 210402s9999 xx 000 0 und d
082 |a 577.698 
082 |b A315 
100 |a Aksornkoae, Sanit 
245 0 |a Ecology and management of mangroves 
245 0 |c Sanit Aksornkoae 
260 |a Thailand 
260 |b IUCN 
260 |c 1993 
520 |a This book consists of the following many parts such as the signficance and value of mangroves, environmental factors, mangroves flora, mangrove fauna, mangrove productivity, mangorves degradation and deletion, sivicultural systems for mangroves management, and policy and management. 
650 |a Mangrove ecology,Mangrove swamps,Sinh thái học,Cây đước 
650 |x Đầm lầy,Sinh thái học 
904 |i Bạch Trúc 
980 |a Trung tâm Học liệu Trường Đại học Cần Thơ